All Champions League Final Host-Cities - Statistics

General Stats
  • This quiz has been taken 45 times
  • The average score is 69 of 72
Answer Stats
Year Country Answer % Correct
1962 Netherlands Amsterdam
100%
1998 Netherlands Amsterdam
100%
2026 Hungary Budapest
100%
2017 Wales Cardiff
100%
2005 Turkey Istanbul
100%
2023 Turkey Istanbul
100%
2018 Ukraine Kyiv
100%
1967 Portugal Lisbon
100%
2014 Portugal Lisbon
100%
2020 Portugal Lisbon
100%
1963 England London
100%
1968 England London
100%
1971 England London
100%
1978 England London
100%
1992 England London
100%
2011 England London
100%
2013 England London
100%
2024 England London
100%
1957 Spain Madrid
100%
1969 Spain Madrid
100%
1980 Spain Madrid
100%
2010 Spain Madrid
100%
2019 Spain Madrid
100%
2027 Spain Madrid
100%
1965 Italy Milan
100%
1970 Italy Milan
100%
2001 Italy Milan
100%
2016 Italy Milan
100%
2008 Russia Moscow
100%
1979 Germany Munich
100%
1993 Germany Munich
100%
1997 Germany Munich
100%
2012 Germany Munich
100%
2025 Germany Munich
100%
1956 France Paris
100%
1975 France Paris
100%
1981 France Paris
100%
2000 France Paris
100%
2006 France Paris
100%
1977 Italy Rome
100%
1984 Italy Rome
100%
1996 Italy Rome
100%
2009 Italy Rome
100%
1989 Spain Barcelona
98%
1999 Spain Barcelona
98%
2015 Germany Berlin
98%
1958 Belgium Brussels
98%
1966 Belgium Brussels
98%
1974 Belgium Brussels
98%
1985 Belgium Brussels
98%
2003 England Manchester
98%
1964 Austria Vienna
98%
1987 Austria Vienna
98%
1990 Austria Vienna
98%
1995 Austria Vienna
98%
1983 Greece Athens
95%
1994 Greece Athens
95%
2007 Greece Athens
95%
1960 Scotland Glasgow
95%
1976 Scotland Glasgow
95%
2002 Scotland Glasgow
95%
2021 Portugal Porto
95%
1973 Serbia Belgrade
93%
1972 Netherlands Rotterdam
93%
1982 Netherlands Rotterdam
93%
1961 Switzerland Bern
90%
1986 Spain Sevilla
74%
1959 Germany Stuttgart
74%
1988 Germany Stuttgart
74%
2004 Germany Gelsenkirchen
64%
1991 Italy Bari
62%
2022 France Saint-Denis
60%
No matching quizzes found
Score Distribution
Percent of People with Each Score
Percentile by Number Answered
Your Score History
You have not taken this quiz